000 00525nam a22001697a 4500
005 20251108165416.0
008 250721s1987 xx 000 0 ara d
082 1 4 _a943/بسا
100 1 _aالعسلي، بسام
245 1 0 _aالمذهب العسكري الألماني 1750-1945م /
264 1 _aدمشق :
_bدار طلاس للدراسات و الترجمة و النشر،
_c1987.
300 _a546ص
650 1 7 _aألمانيا
650 1 7 _aأوروبا الغربية
942 _2ddc
_cBK
999 _c27220
_d27220